La Construcción del sector público en Panamá 1903 - 1955 /

Salvato in:
Dettagli Bibliografici
Autore principale: Torres, Miguel A
Enti autori: Instituto Centroamericano de Administración Pública, ICAP
Natura: testo
Pubblicazione: San José: ICAP
Tags: Aggiungi Tag
Nessun Tag, puoi essere il primo ad aggiungerne!!

MARC

LEADER 00000 a a2200000 04500
001 22375
003
040
090 |a 152400  
100 |a Torres, Miguel A  
110 |a Instituto Centroamericano de Administración Pública  
245 |a La Construcción del sector público en Panamá 1903 - 1955 /  |c Instituto Centroamericano de Administración Pública  
260 |a San José:   |b ICAP  
300 |a 206 p  
710 |a ICAP  
999 |c 7922  |d 7922